Statistics for Any Oscar Nominated Actor of the 21st Century

Click here to take the quiz!

General Stats

  • This quiz has been taken 2,718 times
    (473 since last reset)
  • The average score is 239 of 480

Answer Stats

YearAwardFilmActor% Correct
2006ActorBlood DiamondLeonardo DiCaprio
94%
2013ActorThe Wolf of Wall StreetLeonardo DiCaprio
94%
2019ActorOnce Upon a Time in HollywoodLeonardo DiCaprio
94%
2015ActorThe RevenantLeonardo DiCaprio
94%
2004ActorThe AviatorLeonardo DiCaprio
94%
2019Supporting ActorOnce Upon a Time in HollywoodBrad Pitt
93%
2008ActorThe Curious Case of Benjamin ButtonBrad Pitt
93%
2011ActorMoneyballBrad Pitt
93%
2016ActorLa La LandRyan Gosling
92%
2023Supporting ActorBarbieRyan Gosling
92%
2006ActorHalf NelsonRyan Gosling
92%
2023ActorOppenheimerCillian Murphy
91%
2006ActorThe Pursuit of HappynessWill Smith
91%
2021ActorKing RichardWill Smith
91%
2001ActorAliWill Smith
91%
2023ActorMaestroBradley Cooper
89%
2014ActorAmerican SniperBradley Cooper
89%
2012ActorSilver Linings PlaybookBradley Cooper
89%
2013Supporting ActorAmerican HustleBradley Cooper
89%
2018ActorA Star is BornBradley Cooper
89%
2014Supporting ActressBirdmanEmma Stone
88%
2018Supporting ActressThe FavouriteEmma Stone
88%
2023ActressPoor ThingsEmma Stone
88%
2016ActressLa La LandEmma Stone
88%
2001Supporting ActressGosford ParkMaggie Smith
88%
2000Supporting ActorGladiatorJoaquin Phoenix
87%
2012ActorThe MasterJoaquin Phoenix
87%
2005ActorWalk the LineJoaquin Phoenix
87%
2019ActorJokerJoaquin Phoenix
87%
2000ActorCast AwayTom Hanks
87%
2019Supporting ActorA Beautiful Day in the NeighborhoodTom Hanks
87%
2006Supporting ActorDreamgirlsEddie Murphy
86%
2002Supporting ActorAdaptation.Chris Cooper
85%
2019Supporting ActressBombshellMargot Robbie
85%
2017ActressI, TonyaMargot Robbie
85%
2009Supporting ActorInvictusMatt Damon
85%
2015ActorThe MartianMatt Damon
85%
2007Supporting ActorThe Assassination of Jesse James by the Coward Robert FordCasey Affleck
84%
2016ActorManchester by the SeaCasey Affleck
84%
2008ActressDoubtMeryl Streep
84%
2013ActressAugust: Osage CountyMeryl Streep
84%
2014Supporting ActressInto the WoodsMeryl Streep
84%
2017ActressThe PostMeryl Streep
84%
2016ActressFlorence Foster JenkinsMeryl Streep
84%
2006ActressThe Devil Wears PradaMeryl Streep
84%
2002Supporting ActressAdaptation.Meryl Streep
84%
2009ActressJulie & JuliaMeryl Streep
84%
2023Supporting ActorOppenheimerRobert Downey Jr.
84%
2008Supporting ActorTropic ThunderRobert Downey Jr.
84%
2017ActorPhantom ThreadDaniel Day-Lewis
83%
2002ActorGangs of New YorkDaniel Day-Lewis
83%
2012ActorLincolnDaniel Day-Lewis
83%
2007ActorThere Will Be BloodDaniel Day-Lewis
83%
2012Supporting ActorSilver Linings PlaybookRobert De Niro
83%
2023Supporting ActorKillers of the Flower MoonRobert De Niro
83%
2003ActorCold MountainJude Law
82%
2018ActressA Star is BornLady Gaga
82%
2011ActressThe Iron LadyMaryl Streep
82%
2016ActressJackieNatalie Portman
81%
2004Supporting ActressCloserNatalie Portman
81%
2010ActressBlack SwanNatalie Portman
81%
2015ActressJoyJennifer Lawrence
80%
2010ActressWinter's BoneJennifer Lawrence
80%
2012ActressSilver Linings PlaybookJennifer Lawrence
80%
2013Supporting ActressAmerican HustleJennifer Lawrence
80%
2003ActorPirates of the Caribbean: The Curse of the Black PearlJohnny Depp
80%
2007ActorSweeney Todd: The Demon Barber of Fleet StreetJohnny Depp
80%
2004ActorFinding NeverlandJohnny Depp
80%
2012ActorFlightDenzel Washington
79%
2021ActorThe Tragedy of MacbethDenzel Washington
79%
2017ActorRoman J. Israel, Esq.Denzel Washington
79%
2016ActorFencesDenzel Washington
79%
2001ActorTraining DayDenzel Washington
79%
2009ActressThe Blind SideSandra Bullock
78%
2013ActressGravitySandra Bullock
78%
2019Supporting ActressJojo RabbitScarlett Johansson
78%
2019ActressMarriage StoryScarlett Johansson
78%
2004Supporting ActorCollateralJamie Foxx
77%
2004ActorRayJamie Foxx
77%
2020ActorThe FatherAnthony Hopkins
76%
2019Supporting ActorThe Two PopesAnthony Hopkins
76%
2005ActorBrokeback MountainHeath Ledger
76%
2008Supporting ActorThe Dark KnightHeath Ledger
76%
2000ActressErin BrockovichJulia Roberts
76%
2013Supporting ActressAugust: Osage CountyJulia Roberts
76%
2013ActorDallas Buyers ClubMatthew McConaughey
76%
2009Supporting ActressNinePenelope Cruz
76%
2008Supporting ActressVicky Cristina BarcelonaPenelope Cruz
76%
2021ActressParallel MothersPenélope Cruz
76%
2006ActressVolverPenelope Cruz
76%
2010ActorThe King's SpeechColin Firth
75%
2009ActorA Single ManColin Firth
75%
2018ActorBohemian RhapsodyRami Malek
75%
2001ActorA Beautiful MindRussell Crowe
75%
2000ActorGladiatorRussell Crowe
75%
2008ActorMilkSean Penn
74%
2003ActorMystic RiverSean Penn
74%
2001ActorI Am SamSean Penn
74%
2021ActorThe Power of the DogBenedict Cumberbatch
73%
2014ActorThe Imitation GameBenedict Cumberbatch
73%
2022ActorThe WhaleBrendan Fraser
73%
2004Supporting ActressThe AviatorCate Blanchett
73%
2013ActressBlue JasmineCate Blanchett
73%
2006Supporting ActressNotes on a ScandalCate Blanchett
73%
2007ActressElizabeth: The Golden AgeCate Blanchett
73%
2015ActressCarolCate Blanchett
73%
2022ActressTárCate Blanchett
73%
2007Supporting ActressI'm Not ThereCate Blanchett
73%
2012Supporting ActressLes MiserablesAnne Hathaway
72%
2008ActressRachel Getting MarriedAnne Hathaway
72%
2014ActorThe Theory of EverythingEddie Redmayne
72%
2015ActorThe Danish GirlEddie Redmayne
72%
2019Supporting ActorThe IrishmanAl Pacino
71%
2002ActressThe HoursNicole Kidman
71%
2016Supporting ActressLionNicole Kidman
71%
2010ActressRabbit HoleNicole Kidman
71%
2021ActressBeing the RicardosNicole Kidman
71%
2001ActressMoulin Rouge!Nicole Kidman
71%
2002Supporting ActressChicagoCatherine Zeta-Jones
70%
2020ActorMankGary Oldman
70%
2011ActorTinker Tailor Soldier SpyGary Oldman
70%
2017ActorDarkest HourGary Oldman
70%
2007ActorMichael ClaytonGeorge Clooney
70%
2009ActorUp in the AirGeorge Clooney
70%
2005Supporting ActorSyrianaGeorge Clooney
70%
2011ActorThe DescendantsGeorge Clooney
70%
2010Supporting ActorThe FighterChristian Bale
69%
2013ActorAmerican HustleChristian Bale
69%
2018ActorViceChristian Bale
69%
2015Supporting ActorThe Big ShortChristian Bale
69%
2009Supporting ActressCrazy HeartMaggie Gyllenhaal
68%
2014ActorBirdmanMichael Keaton
68%
2003ActressSomething's Gotta GiveDiane Keaton
67%
2010ActressBlue ValentineMichelle Williams
67%
2011ActressMy Week with MarilynMichelle Williams
67%
2005Supporting ActressBrokeback MountainMichelle Williams
67%
2016Supporting ActressManchester by the SeaMichelle Williams
67%
2022ActressThe FabelmansMichelle Williams
67%
2012Supporting ActorThe MasterPhilip Seymour Hoffman
67%
2007Supporting ActorCharlie Wilson's WarPhilip Seymour Hoffman
67%
2005ActorCapotePhilip Seymour Hoffman
67%
2008Supporting ActorDoubtPhilip Seymour Hoffman
67%
2001ActressBridget Jones's DiaryRenee Zellweger
67%
2003Supporting ActressCold MountainRenee Zellweger
67%
2019ActressJudyRenee Zellweger
67%
2002ActressChicagoRenee Zellweger
67%
2012Supporting ActorLincolnTommy Lee Jones
67%
2007ActorIn the Valley of ElahTommy Lee Jones
67%
2014ActressThe Theory of EverythingFelicity Jones
66%
2005Supporting ActressNorth CountryFrances McDormand
66%
2020ActressNomadlandFrances McDormand
66%
2000Supporting ActressAlmost FamousFrances McDormand
66%
2017ActressThree Billboards Outside Ebbing, MissouriFrances McDormand
66%
2005Supporting ActorBrokeback MountainJake Gyllenhaal
66%
2001Supporting ActressIrisKate Winslet
66%
2004ActressEternal Sunshine of the Spotless MindKate Winslet
66%
2008ActressThe ReaderKate Winslet
66%
2015Supporting ActressSteve JobsKate Winslet
66%
2006ActressLittle ChildrenKate Winslet
66%
2004ActorMillion Dollar BabyClint Eastwood
65%
2005ActressTransamericaFelicity Huffman
65%
2004Supporting ActorMillion Dollar BabyMorgan Freeman
65%
2009ActorInvictusMorgan Freeman
65%
2012ActorLes MiserablesHugh Jackman
64%
2003ActressIn AmericaSamantha Morton
64%
2007ActorEastern PromisesViggo Mortensen
64%
2018ActorGreen BookViggo Mortensen
64%
2016ActorCaptain FantasticViggo Mortensen
64%
2005Supporting ActressJunebugAmy Adams
63%
2013ActressAmerican HustleAmy Adams
63%
2012Supporting ActressThe MasterAmy Adams
63%
2010Supporting ActressThe FighterAmy Adams
63%
2008Supporting ActressDoubtAmy Adams
63%
2018Supporting ActressViceAmy Adams
63%
2023Supporting ActressOppenheimerEmily Blunt
63%
2005ActressWalk the LineReese Witherspoon
63%
2014ActressWildReese Witherspoon
63%
2022ActorThe Banshees of InisherinColin Farrell
62%
2006ActorThe Last King of ScotlandForest Whitaker
62%
2004ActressMillion Dollar BabyHillary Swank
62%
2018Supporting ActorBlacKkKlansmanAdam Driver
61%
2019ActorMarriage StoryAdam Driver
61%
2018Supporting ActorGreen BookMahershala Ali
61%
2016Supporting ActorMoonlightMahershala Ali
61%
2007Supporting ActorNo Country for Old MenJavier Bardem
60%
2021ActorBeing the RicardosJavier Bardem
60%
2010ActorBiutifulJavier Bardem
60%
2000ActorBefore Night FallsJavier Bardem
60%
2015ActressBrooklynSaoirse Ronan
60%
2017ActressLady BirdSaoirse Ronan
60%
2007Supporting ActressAtonementSaoirse Ronan
60%
2019ActressLittle WomenSaoirse Ronan
60%
2011ActressThe HelpViola Davis
60%
2020ActressMa Rainey's Black BottomViola Davis
60%
2008Supporting ActressDoubtViola Davis
60%
2016Supporting ActressFencesViola Davis
60%
2002ActorAbout SchmidtJack Nicholson
59%
2016Supporting ActorHell or High WaterJeff Bridges
59%
2010ActorTrue GritJeff Bridges
59%
2009ActorCrazy HeartJeff Bridges
59%
2000Supporting ActorThe ContenderJeff Bridges
59%
2014Supporting ActressThe Imitation GameKeira Knightley
59%
2005ActressPride & PrejudiceKeira Knightley
59%
2023Supporting ActorPoor ThingsMark Ruffalo
59%
2014Supporting ActorFoxcatcherMark Ruffalo
59%
2010Supporting ActorThe Kids Are All RightMark Ruffalo
59%
2015Supporting ActorSpotlightMark Ruffalo
59%
2005ActressNorth CountryCharlize Theron
58%
2019ActressBombshellCharlize Theron
58%
2003ActressMonsterCharlize Theron
58%
2006ActressThe QueenHelen Mirren
58%
2009ActressThe Last StationHelen Mirren
58%
2001Supporting ActressGosford ParkHelen Mirren
58%
2002ActorThe PianistAdrian Brody
57%
2021Actortick, tick... BOOM!Andrew Garfield
57%
2016ActorHacksaw RidgeAndrew Garfield
57%
2006ActressNotes on a ScandalJudi Dench
57%
2001ActressIrisJudi Dench
57%
2013ActressPhilomenaJudi Dench
57%
2021Supporting ActressBelfastJudi Dench
57%
2005ActressMrs. Henderson PresentsJudi Dench
57%
2000Supporting ActressChocolatJudi Dench
57%
2022ActressEverything Everywhere All at OnceMichelle Yeoh
57%
2018ActressThe FavouriteOlivia Colman
57%
2021ActressThe Lost DaughterOlivia Colman
57%
2020Supporting ActressThe FatherOlivia Colman
57%
2009Supporting ActorInglourious BasterdsChristoph Waltz
56%
2012Supporting ActorDjango UnchainedChristoph Waltz
56%
2002ActressFar from HeavenJulianne Moore
56%
2014ActressStill AliceJulianne Moore
56%
2002Supporting ActressThe HoursJulianne Moore
56%
2017ActorCall Me By Your NameTimothee Chalamet
55%
2022ActorElvisAustin Butler
54%
2007ActressJunoElliot Page
54%
2001ActressMonster's BallHalle Berry
53%
2013Supporting ActorDallas Buyers ClubJared Leto
53%
2011Supporting ActressThe HelpJessica Chastain
53%
2021ActressThe Eyes of Tammy FayeJessica Chastain
53%
2012ActressZero Dark ThirtyJessica Chastain
53%
2020ActressThe United States vs. Billie HolidayAndra Day
52%
2015ActressRoomBrie Larson
52%
2011Supporting ActorMoneyballJonah Hill
52%
2013Supporting ActorThe Wolf of Wall StreetJonah Hill
52%
2001Supporting ActorTraining DayEthan Hawke
51%
2014Supporting ActorBoyhoodEthan Hawke
51%
2010ActorThe Social NetworkJesse Eisenberg
51%
2014ActorFoxcatcherSteve Carell
51%
2019Supporting ActorThe IrishmanJoe Pesci
50%
2002ActressFridaSalma Hayek
50%
2003ActorLost in TranslationBill Murray
49%
2015ActorSteve JobsMichael Fassbender
49%
2013Supporting Actor12 Years a SlaveMichael Fassbender
49%
2015Supporting ActorCreedSylvester Stallone
49%
2001Supporting ActorThe Lord of the Rings: The Fellowship of the RingIan McKellen
48%
2010Actor127 HoursJames Franco
48%
2023Supporting ActressNyadJodie Foster
48%
2008ActorThe WrestlerMickey Rourke
48%
2004ActorHotel RwandaDon Cheadle
47%
2023ActorThe HoldoversPaul Giamatti
47%
2005Supporting ActorCinderella ManPaul Giamatti
47%
2015Supporting ActorThe RevenantTom Hardy
47%
2023Supporting ActressBarbieAmerica Ferrera
46%
2014Supporting ActorWhiplashJ.K. Simmons
46%
2021Supporting ActorBeing the RicardosJ.K. Simmons
46%
2006Supporting ActorThe DepartedMark Wahlberg
46%
2018Supporting ActressIf Beale Street Could TalkRegina King
46%
2020ActorMa Rainey's Black BottomChadwick Boseman
45%
2021ActressSpencerKristen Stewart
45%
2014ActressGone GirlRosamund Pike
45%
2022Supporting ActorThe Banshees of InisherinBrendan Gleeson
44%
2022Supporting ActressEverything Everywhere All at OnceJamie Lee Curtis
44%
2006Supporting ActressDreamgirlsJennifer Hudson
44%
2009ActorThe Hurt LockerJeremy Renner
44%
2010Supporting ActorThe TownJeremy Renner
44%
2016Supporting ActressHidden FiguresOctavia Spencer
44%
2011Supporting ActressThe HelpOctavia Spencer
44%
2017Supporting ActressThe Shape of WaterOctavia Spencer
44%
2011ActressThe Girl with the Dragon TattooRooney Mara
44%
2015Supporting ActressCarolRooney Mara
44%
2008ActressChangelingAngelina Jolie
43%
2000ActorQuillsGeoffrey Rush
43%
2010Supporting ActorThe King's SpeechGeoffrey Rush
43%
2010Supporting ActressThe King's SpeechHelena Bonham Carter
43%
2000Supporting ActressAlmost FamousKate Hudson
43%
2020ActressPromising Young WomanCarey Mulligan
42%
2023ActressMaestroCarey Mulligan
42%
2009ActressAn EducationCarey Mulligan
42%
2017ActorGet OutDaniel Kaluuya
42%
2020Supporting ActorJudas and the Black MessiahDaniel Kaluuya
42%
2020Supporting ActressHillbilly ElegyGlenn Close
42%
2018ActressThe WifeGlenn Close
42%
2011ActressAlbert NobbsGlenn Close
42%
2018ActressCan You Ever Forgive Me?Melissa McCarthy
42%
2011Supporting ActressBridesmaidsMelissa McCarthy
42%
2000ActorPollockEd Harris
40%
2002Supporting ActorThe HoursEd Harris
40%
2013Supporting Actress12 Years a SlaveLupita Nyong'o
40%
2016Supporting ActressMoonlightNaomie Harris
40%
2022ActressBlondeAna de Armas
39%
2014Supporting ActorBirdmanEdward Norton
39%
2019Supporting ActressLittle WomenFlorence Pugh
39%
2005Supporting ActressThe Constant GardenerRachel Weisz
39%
2018Supporting ActressThe FavouriteRachel Weisz
39%
2017Supporting ActorThree Billboards Outside Ebbing, MissouriSam Rockwell
39%
2018Supporting ActorViceSam Rockwell
39%
2001Supporting ActorSexy BeastBen Kingsley
38%
2003ActorHouse of Sand and FogBen Kingsley
38%
2011ActorThe ArtistJean Dujardin
38%
2007ActressLa Vie en RoseMarion Cotillard
38%
2014ActressTwo Days, One NightMarion Cotillard
38%
2020Supporting ActorThe Trial of the Chicago 7Sacha Baron Cohen
38%
2018ActorAt Eternity's GateWillem Dafoe
38%
2017Supporting ActorThe Florida ProjectWillem Dafoe
38%
2000Supporting ActorShadow of a VampireWillem Dafoe
38%
2009Supporting ActorThe MessengerWoody Harrelson
38%
2017Supporting ActorThree Billboards Outside Ebbing, MisosuriWoody Harrelson
38%
2010ActressThe Kids Are All RightAnnette Bening
36%
2023ActressNyadAnnette Bening
36%
2004ActressBeing JuliaAnnette Bening
36%
2015ActorTrumboBryan Cranston
36%
2013Actor12 Years a SlaveChiwetel Ejiofor
36%
2023ActressKillers of the Flower MoonLily Gladstone
36%
2002ActorAdaptation.Nicolas Cage
36%
2013ActorNebraskaBruce Dern
35%
2022Supporting ActorEverything Everywhere All at OnceKe Huy Quan
35%
2019Supporting ActressMarriage StoryLaura Dern
35%
2014Supporting ActressWildLaura Dern
35%
2022Supporting ActressBlack Panther: Wakanda ForeverAngela Bassett
34%
2016Supporting ActorLionDev Patel
34%
2021Supporting ActressThe Power of the DogKirsten Dunst
34%
2003Supporting ActorMystic RiverTim Robbins
34%
2012Supporting ActressThe SessionsHelen Hunt
33%
2001Supporting ActressA Beautiful MindJennifer Connelly
33%
2006Supporting ActorLittle Miss SunshineAlan Arkin
32%
2012Supporting ActorArgoAlan Arkin
32%
2000Supporting ActorTrafficBenicio del Toro
32%
2003Supporting Actor21 GramsBenicio del Toro
32%
2002ActorThe Quiet AmericanMichael Caine
32%
2012ActressThe ImpossibleNaomi Watts
32%
2003Actress21 GramsNaomi Watts
32%
2015Supporting ActressThe Danish GirlAlicia Vikander
31%
2022Supporting ActorThe Banshees of InisherinBarry Keoghan
31%
2023ActorAmerican FictionJeffrey Wright
31%
2017Supporting ActressI, TonyaAllison Janney
30%
2015Supporting ActressSpotlightRachel McAdams
30%
2018Supporting ActorCan You Ever Forgive Me?Richard E. Grant
30%
2012Supporting ActressLincolnSally Field
30%
2007Supporting ActressMichael ClaytonTilda Swinton
30%
2015Supporting ActressThe Hateful EightJennifer Jason Leigh
29%
2002Supporting ActressAbout SchmidtKathy Bates
29%
2019Supporting ActressRichard JewellKathy Bates
29%
2011Supporting ActorBeginnersChristopher Plummer
28%
2017Supporting ActorAll the Money in the WorldChristopher Plummer
28%
2009Supporting ActorThe Last StationChristopher Plummer
28%
2000ActressChocolatJuliette Binoche
28%
2015Supporting ActorBridge of SpiesMark Rylance
28%
2014Supporting ActorThe JudgeRobert Duvall
28%
2023Supporting ActorAmerican FictionSterling K. Brown
28%
2009Supporting ActressUp in the AirAnna Kendrick
27%
2019ActorPain and GloryAntonio Banderas
26%
2002Supporting ActorCatch Me If You CanChristopher Walken
26%
2011Supporting ActorMy Week with MarilynKenneth Branagh
26%
2020ActorSound of MetalRiz Ahmed
26%
2021Supporting ActorThe Power of the DogJesse Plemons
25%
2019ActorThe Two PopesJonathan Pryce
25%
2008Supporting ActorMilkJosh Brolin
25%
2022ActorAftersunPaul Mescal
25%
2002Supporting ActorRoad to PerditionPaul Newman
25%
2017ActressThe Shape of WaterSally Hawkins
25%
2013Supporting ActressBlue JasmineSally Hawkins
25%
2010Supporting ActressThe FighterMelissa Leo
24%
2008ActressFrozen RiverMelissa Leo
24%
2014Supporting ActressBoyhoodPatricia Arquette
24%
2005ActorHustle & FlowTerrence Howard
24%
2003Supporting ActorIn AmericaDjimon Hounsou
23%
2006Supporting ActorBlood DiamondDjimon Hounsou
23%
2010Supporting ActressTrue GritHailee Steinfeld
23%
2003Supporting ActressThirteenHolly Hunter
23%
2009Supporting ActressPreciousMo'Nique
23%
2009Supporting ActorThe Lovely BonesStanley Tucci
23%
2020ActorMinariSteven Yeun
23%
2020Supporting ActressMankAmanda Seyfried
22%
2023Supporting ActressThe HoldoversDa'Vine Joy Randolph
22%
2003Supporting ActorThe Last SamuraiKen Watanabe
22%
2002Supporting ActressChicagoQueen Latifah
22%
2023ActressAnatomy of a FallSandra Hüller
22%
2006Supporting ActressLittle Miss SunshineAbigail Breslin
21%
2007Supporting ActressGone Baby GoneAmy Ryan
21%
2008ActorFrost/NixonFrank Langella
21%
2001Supporting ActressIn the BedroomMarisa Tomei
21%
2008Supporting ActressThe WrestlerMarisa Tomei
21%
2022Supporting ActressEverything Everywhere All at OnceStephanie Hsu
21%
2022ActorLivingBill Nighy
20%
2023ActorRustinColman Domingo
20%
2002Supporting ActorChicagoJohn C. Reilly
20%
2007ActressThe SavagesLaura Linney
20%
2004Supporting ActressKinseyLaura Linney
20%
2000ActressYou Can Count On MeLaura Linney
20%
2005Supporting ActorCrashMatt Dillon
20%
2021Supporting ActressWest Side StoryAriana DeBose
19%
2010Supporting ActressAnimal KingdomJacki Weaver
19%
2012Supporting ActressSilver Linings PlaybookJacki Weaver
19%
2001Supporting ActorIrisJim Broadbent
19%
2022Supporting ActorThe FabelmansJudd Hirsch
19%
2018Supporting ActorA Star is BornSam Elliot
19%
2004Supporting ActorThe AviatorAlan Alda
18%
2003Supporting ActorThe CoolerAlec Baldwin
18%
2004Supporting ActorCloserClive Owen
18%
2002ActressUnfaithfulDiane Lane
18%
2009ActressPreciousGabourey Sidibe
18%
2001ActressIn the BedroomSissy Spacek
18%
2021Supporting ActorCODATroy Kotsur
18%
2020ActressPieces of a WomanVanessa Kirby
18%
2005Supporting ActorA History of ViolenceWilliam Hurt
18%
2000ActressRequiem for a DreamEllen Burstyn
17%
2004ActressVera DrakeImelda Staunton
17%
2000ActressThe ContenderJoan Allen
17%
2000Supporting ActressBilly ElliotJulie Walters
17%
2020Supporting ActorJudas and the Black MessiahLaKeith Stanfield
17%
2006ActorVenusPeter O'Toole
17%
2012ActressBeasts of the Southern WildQuvenzhane Wallis
17%
2008Supporting ActressThe Curious Case of Benjamin ButtonTaraji P. Henson
17%
2004Supporting ActorSidewaysThomas Haden Church
17%
2007Supporting ActorMichael ClaytonTom Wilkinson
17%
2001ActorIn the BedroomTom Wilkinson
17%
2023Supporting ActressThe Color PurpleDanielle Brooks
16%
2009Supporting ActressUp in the AirVera Farmiga
16%
2019ActressHarrietCynthia Erivo
15%
2016ActressElleIsabelle Huppert
15%
2001Supporting ActorAliJon Voight
15%
2003ActressWhale RiderKeisha Castle-Hughes
15%
2021Supporting ActorThe Power of the DogKodi Smit-McPhee
15%
2017Supporting ActressLady BirdLaurie Metcalf
15%
2008ActorThe VisitorRichard Jenkins
15%
2017Supporting ActorThe Shape of WaterRichard Jenkins
15%
2016ActressLovingRuth Negga
15%
2000Supporting ActorErin BrockovichAlbert Finney
14%
2022ActressTo LeslieAndrea Riseborough
14%
2015Actress45 YearsCharlotte Rampling
14%
2021Supporting ActorBelfastCiarán Hinds
14%
2022Supporting ActressThe Banshees of InisherinKerry Condon
14%
2003Supporting ActressMystic RiverMarcia Gay Harden
14%
2000Supporting ActressPollockMarcia Gay Harden
14%
2008Supporting ActorRevolutionary RoadMichael Shannon
14%
2016Supporting ActorNocturnal AnimalsMichael Shannon
14%
2013Supporting ActorCaptain PhillipsBarkhad Abdi
13%
2022Supporting ActorCausewayBrian Tyree Henry
13%
2004ActressMaria Full of GraceCatalina Sandino Moreno
13%
2005ActorGood Night, and Good LuckDavid Strathairn
13%
2022Supporting ActressThe WhaleHong Chau
13%
2016Supporting ActorManchester by the SeaLucas Hedges
13%
2017Supporting ActressMudboundMary J. Blige
13%
2011Supporting ActorWarriorNick Nolte
13%
2018ActressRomaYalitza Aparicio
13%
2020Supporting ActressMinariYoun Yuh-Jung
13%
2021Supporting ActressKing RichardAunjanue Ellis
12%
2012ActressAmourEmanuelle Riva
12%
2021Supporting ActressThe Lost DaughterJessie Buckley
12%
2013Supporting ActressNebraskaJune Squibb
12%
2020Supporting ActorOne Night in Miami...Leslie Odom Jr.
12%
2020Supporting ActressBorat Subsequent MoviefilmMaria Bakalova
12%
2004Supporting ActressSidewaysVirginia Madsen
12%
2005Supporting ActressCapoteCatherine Keener
11%
2010Supporting ActorWinter's BoneJohn Hawkes
11%
2017Supporting ActressPhantom ThreadLesley Manville
11%
2011Supporting ActressThe ArtistBerenice Bejo
10%
2011ActorA Better LifeDemian Bichir
10%
2011Supporting ActorExtremely Loud & Incredibly CloseMax von Sydow
10%
2007Supporting ActressAmerican GangsterRuby Dee
10%
2006Supporting ActorLittle ChildrenJackie Earle Haley
9%
2007ActressAway from HerJulie Christie
9%
2003Supporting ActressPieces of AprilPatricia Clarkson
9%
2004Supporting ActressHotel RwandaSophie Okonedo
9%
2007Supporting ActorInto the WildHal Holbrook
8%
2011Supporting ActressAlbert NobbsJanet McTeer
8%
2018Supporting ActressRomaMarina de Tavira
8%
2020Supporting ActorSound of MetalPaul Raci
8%
2006Supporting ActressBabelRinko Kikuchi
7%
2003Supporting ActressHouse of Sand and FogShohreh Aghdashloo
7%
2006Supporting ActressBabelAdriana Barraza
6%

Score Distribution

Percentile by Number Answered

Percent of People with Each Score

Your Score History

You have not taken this quiz since the last reset